• 首页
  • 本馆介绍
  • 公告通知
  • 最新文献
  • 馆藏检索
  • 电子资源
  • 读者导购
  • 参考咨询
  • 我的图书馆
  • 登录
  • 详细信息显示
  • 放入我的书架
  • 预约/预借图书
  • 作者相关作品
  • 分类相关作品
  • 丛书相关作品
  • 出版社相关作品

书目信息

  • 表格格式
  • 工作单格式
  • 卡片格式
题名:
读心育人 陪伴花开
    
 
作者: 朱密华 , 张旭巍 著
分册:  
出版信息: 上海   同济大学出版社  2017.4
页数: 287页
开本: 24cm
丛书名: 智慧育人探索丛书
单 册:
中图分类: G621.0
科图分类:
主题词: 德育--教学研究--小学
电子资源:
ISBN: 978-7-5608-6753-3
000 01167nam2 2200301 45
001 012001003015
005 20140824094539.0
010    @a978-7-5608-6753-3@dCNY48.00
100    @a20181129d2017 em y0chiy0110 ea
101 0  @achi
102    @aCN@b310000
105    @aa z 000yy
106    @ar
200 1  @a读心育人 陪伴花开@Adu xin yu ren pei ban hua kai@f朱密华, 张旭巍著
210    @a上海@c同济大学出版社@d2017.4
215    @a287页@c图,照片@d24cm
225 2  @a智慧育人探索丛书@f蒯峰梅主编
314    @a朱密华,女,上海市第二师范学校附属小学语文教师、教导主任。杨浦区未成年人心理健康辅导中心志愿者,区德育学科带头人,德育中学高级教师等。
314    @a张旭巍,女,上海市第二师范学校附属小学语文教师、年级组长。
330    @a本书主要记录了作为小学德育教师长期以来的教学实践与探索。全书由三部分构成:分别为读心育人方案、读心育人故事和读心育人论文。
410  0 @12001 @a智慧育人探索丛书
461  0 @12001 @a智慧育人探索丛书@1701 0@a蒯峰梅主编
606 0  @a德育@x教学研究@x小学
690    @aG621.0@v5
701  0 @a朱密华@Azhu mi hua@4著
701  0 @a张旭巍@Azhang xu wei@4著
801    @aCN@bAHXH@c20210922
905    @b1283121-5@dG621.0@e1984@f5
    
    读心育人 陪伴花开/朱密华, 张旭巍著.-上海:同济大学出版社,2017.4
    287页:图,照片;24cm.-(智慧育人探索丛书/蒯峰梅主编)
    
    
    ISBN 978-7-5608-6753-3:CNY48.00
    本书主要记录了作为小学德育教师长期以来的教学实践与探索。全书由三部分构成:分别为读心育人方案、读心育人故事和读心育人论文。
●
相关链接 在E读中查询图书 在五车中查询图书 在当当中查询图书 在豆瓣中查询图书


正题名:读心育人 陪伴花开     索取号:G621.0/1984         预约/预借

序号 登录号 条形码 馆藏地/架位号 状态 备注
1 1283121   212831211   第一样本阅览室/ [索取号:G621.0/1984] 在馆    
2 1283122   212831220   教育系资料室/ [索取号:G621.0/1984] 在馆    
3 1283123   212831239   教育系资料室/ [索取号:G621.0/1984] 在馆    
4 1283124   212831248   第四借阅区/ [索取号:G621.0/1984] 在馆    
5 1283125   212831257   第四借阅区/ [索取号:G621.0/1984] 在馆    
唐山师范学院图书馆 欢迎您!
大连网信软件有限公司© 版权所有